Statistics for WCW Television Champions

Click here to take the quiz!

General Stats

  • This quiz has been taken 89 times
  • The average score is 44 of 106

Answer Stats

HintAnswer% Correct
1989Sting
84%
1975 | 1977Ric Flair
84%
1997 | 1998 | 1999Booker T
84%
1986 | 1990 | 1991 | 1995Arn Anderson
81%
1999Scott Hall
79%
1998 | 1999Chris Benoit
79%
1998Chris Jericho
75%
1992 | 1998Scott Steiner
74%
1996Lex Luger
72%
1988 | 1999Rick Steiner
72%
1995Diamond Dallas Page
63%
1985 | 1986Dusty Rhodes
63%
1984 | 1985 | 1986Tully Blanchard
61%
1977 | 1978 | 1992 | 1993Ricky Steamboat
60%
1991 | 1992Steve Austin
60%
1980 | 1983Roddy Piper
53%
2000Jim Duggan
51%
1993 | 1994 | 1996 | 1997Lord Steven Regal
49%
1992Barry Windham
49%
1997Perry Saturn
49%
1997Disco Inferno
47%
1997Alex Wright
40%
1998Stevie Ray
40%
1994 | 1995 | 1996Johnny B Badd
33%
1998Konnan
33%
1976 | 1977 | 1981Greg Valentine
32%
1991Bobby Eaton
32%
1974 | 1975 | 1976 | 1978Paul Jones
30%
1976 | 1977Rufus R. Jones
28%
1974 | 1981 | 1982Ivan Koloff
26%
1982 | 1988 | 1989Mike Rotundo
25%
1989The Great Muta
25%
1998Fit Finlay
23%
1993Paul Orndorff
19%
1995The Renegade
19%
197 | 1997Ultimo Dragon
18%
1998Rick Martel
18%
1984Mark Youngblood
14%
1983Dick Slater
12%
1990The Z- Man
12%
1976Mr. Wrestling
11%
1974Danny Miller
9%
1987Nikita Koloff
9%
1981 | 1982 | 1983Jimmy Valiant
9%
1978Johnny Weaver
9%
1977 | 1978Baron Von Raschke
7%
1981Sweet Ebony Diamond
7%
1983The Great Kabuki
7%
1976Angelo Mosca
5%
1981Ron Bass
5%
1982Bad Leroy Brown
4%
1982 | 1983Jos LeDuc
4%
1980Masked Superstar
4%
1994Larry Zybszko
2%
1997Prince Laukea
0%

Score Distribution

Percentile by Number Answered

Percent of People with Each Score

Your Score History

You have not taken this quiz